|
|
|
|
| LEADER |
01296nab a2200361 i 4500 |
| 001 |
publ39064 |
| 005 |
20260211091759.0 |
| 008 |
260211s2026 hu o 000 eng d |
| 022 |
|
|
|a 1932-7447
|
| 024 |
7 |
|
|a 10.1021/acs.jpcc.5c05105
|2 doi
|
| 024 |
7 |
|
|a 36869255
|2 mtmt
|
| 040 |
|
|
|a SZTE Publicatio Repozitórium
|b hun
|
| 041 |
|
|
|a eng
|
| 100 |
1 |
|
|a Mogyorósi Károly
|
| 245 |
1 |
0 |
|a Monitoring Gold Nanoparticle Formation by In Situ Transient Absorption Spectroscopy
|h [elektronikus dokumentum] /
|c Mogyorósi Károly
|
| 260 |
|
|
|c 2026
|
| 300 |
|
|
|a 1225-1235
|
| 490 |
0 |
|
|a JOURNAL OF PHYSICAL CHEMISTRY C
|v 130 No. 3
|
| 650 |
|
4 |
|a Fizikai tudományok
|
| 700 |
0 |
1 |
|a Tóth Bálint
|e aut
|
| 700 |
0 |
2 |
|a Trényi-Sárosi Krisztina
|e aut
|
| 700 |
0 |
2 |
|a Dudás Júlia Rita
|e aut
|
| 700 |
0 |
2 |
|a Szabó Csenger Márk
|e aut
|
| 700 |
0 |
2 |
|a Samu Gergely Ferenc
|e aut
|
| 700 |
0 |
2 |
|a Gilicze Barnabás
|e aut
|
| 700 |
0 |
2 |
|a Seres Imre
|e aut
|
| 700 |
0 |
2 |
|a Bengery Zsolt Gábor
|e aut
|
| 700 |
0 |
2 |
|a Jójárt Péter
|e aut
|
| 700 |
0 |
2 |
|a Kasza József
|e aut
|
| 700 |
0 |
2 |
|a Varga Viktória
|e aut
|
| 700 |
0 |
2 |
|a Csapó Edit
|e aut
|
| 700 |
0 |
2 |
|a Chikán Viktor
|e aut
|
| 856 |
4 |
0 |
|u http://publicatio.bibl.u-szeged.hu/39064/1/monitoring-gold-nanoparticle-formation-by-in-situ-transient-absorption-spectroscopy.pdf
|z Dokumentum-elérés
|